000 00809na a2200265 4500
001 23771
003 MIRAKIL
005 20181213155301.0
008 171225b tu 000 0
020 _a9786053992011
040 _aMilas
_btur
_cTR-AnCHP
041 _atur
082 _a394.26956226
_bİ77 2017
090 _a394.26956226 İ77 2011
245 _aİstanbul'un festivalleri
_cderleyen Serhan Ada
260 _aİstanbul
_bİstanbul Bilgi Üniversitesi
_c2011
300 _a144 s.
_bfotğ.
_c23 sm.
440 _aİstanbul Bilgi Üniversitesi Yayınları
_v345
490 _aKültür Ekonomisi
_v6
504 _aKaynakça var
650 _aModern sanat
_x21. yüzyıl
_zTürkiye- İstanbul
650 _asanat festivalleri
_xİstanbul (Türkiye)
700 _aAda, Serhan
942 _2dcc
_cBKS
999 _c9901
_d9901